| 000 | 01401nam a2200349 i 4500 | ||
|---|---|---|---|
| 001 | 39076 | ||
| 003 | Mx-PuUPA | ||
| 005 | 20260504144507.0 | ||
| 008 | 140415s2022 nyua fr 001 0 eng d | ||
| 020 |
_a9780367442248 _qrústica |
||
| 024 |
_2[doi] _a10.4324/9781003008439 |
||
| 040 |
_cMx-PuUPA _aMx-PuUPA _bspa _dMx-PuUPA _erda |
||
| 041 | 0 | _aeng | |
| 100 | 1 |
_aAment, Vanessa Theme, _d1955- _eautor _918066 |
|
| 245 | 1 | 4 |
_aThe foley grail : _bthe art of performing sound for film, games, and animation / _cVanessa Theme Ament |
| 250 | _aThird edition | ||
| 264 | 1 |
_aNew York, NY : _bRoutledge, _c2022 |
|
| 300 |
_axvi, 268 páginas : _bilustraciones (blanco y negro) ; _c23 cm |
||
| 336 |
_2rdacontent _atexto _btxt |
||
| 337 |
_2rdamedia _asin medio _bn |
||
| 338 |
_2rdacarrier _avolumen _bnc |
||
| 650 | 7 |
_2armarc _aPelículas _xEfectos de sonido |
|
| 650 | 7 |
_2armarc _aPelículas animadas _xEfectos de sonido |
|
| 650 | 7 |
_2armarc _aVideojuegos _xEfectos de sonido |
|
| 650 | 7 |
_2armarc _aAnimación (cinematografía) |
|
| 650 | 7 |
_2armarc _aVideo digital |
|
| 942 |
_2ddc _cLI _h777.7 _iA48 |
||
| 999 |
_c39076 _d39076 |
||